Logo BPK

Biblioteka

Politechniki Koszalińskiej

Mechanika ogólna. (Rekord nr 4095)

Szczegóły MARC
000 -ETYKIETA REKORDU
podpole kontrolne o stałej długości 00355nam a2200145 i 4500
001 - NUMER KONTROLNY REKORDU
pole kontrolne bg
040 ## - ŹRÓDŁO KATALOGOWANIA
Instytucja, która utworzyła rekord BPK
041 ## - KOD JĘZYKA
Kod języka tekstu pol
008 - POLE O STAŁEJ DŁUGOŚCI - DANE KONTROLNE
podpole kontrolne o stałej długości s pl f |000 0 pol
100 1# - NAZWA OSOBOWA
Nazwa osobowa Misiak, Jan
Daty związane z nazwą (1942- ).
245 10 - TYTUŁ/ODPOWIEDZIALNOŚĆ
Tytuł Mechanika ogólna.
Oznaczenie części/sekcji dzieła T. 2,
Tytuł części/sekcji dzieła Dynamika /
Pozostałe elementy strefy tytułu i oznaczenia odpowiedzialności Jan Misiak.
250 ## - STREFA WYDANIA
Oznaczenie wydania Wyd.3 popr. i uzup.
260 ## - STREFA ADRESU WYDAWNICZEGO
Miejsce wydania Warszawa,
Data publikacji, dystrybucji/powstania dokumentu 1989.
856 ## - LOKALIZACJA I DOSTĘP DO ELEKTRONICZNYCH DOKUMENTÓW ZDALNYCH
Link (URL) http://koha.tu.koszalin.pl/cgi-bin/koha/opac-detail.pl?biblionumber=4095
Tekst linku Katalog online BPK
942 ## - DODATKOWE ELEMENTY (KOHA)
Typ dokumentu Książka
Egzemplarze
Wycofany Status egzemplarza Uszkodzony Dostępność Lokalizacja stała Lokalizacja bieżąca Miejsce przechowywania Sygnatura Kod kreskowy Ostatnio wypożyczono Typ dokumentu Numer ubytku
      Dostępny Biblioteka Politechniki Koszalińskiej Biblioteka Politechniki Koszalińskiej Wypożyczalnia BG P 39656 01215557 02.03.2020 Książka  
      Dostępny Biblioteka Politechniki Koszalińskiej Biblioteka Politechniki Koszalińskiej Wypożyczalnia BG P 40420 01197747 03.03.2020 Książka  
      Dostępny Biblioteka Politechniki Koszalińskiej Biblioteka Politechniki Koszalińskiej Wypożyczalnia BG P 40421 01246773 25.11.2020 Książka  
  Egz. niedostępny   Niedostępny Biblioteka Politechniki Koszalińskiej Biblioteka Politechniki Koszalińskiej   P 40423 01225822   Książka p37901
  Egz. niedostępny   Niedostępny Biblioteka Politechniki Koszalińskiej Biblioteka Politechniki Koszalińskiej   P 40425 P 40425   Książka p18143
© 2023 Biblioteka Politechniki Koszalińskiej :: KOHA